Einführung in die Volkswirtschaftslehre

Salvato in:
Dettagli Bibliografici
Natura: Libro
Lingua:tedesco
Pubblicazione: Jena Gustav Fischer 1935
Tags: Aggiungi Tag
Nessun Tag, puoi essere il primo ad aggiungerne!!

MARC

LEADER 00000nam a2200000 4500
001 0306768
005 20250204115502.0
041 0 |a ger 
044 |a DE 
245 1 0 |a Einführung in die Volkswirtschaftslehre  |c Gerhard Albrecht 
264 1 |a Jena  |b Gustav Fischer  |c 1935